| 000 | 00453nam a22001337a 4500 | ||
|---|---|---|---|
| 040 | _cNUST | ||
| 082 | _a220 PRO | ||
| 100 |
_aGC Muammad Shahid GC Huzayfa Arif Khan GC Muzammil Ashraf NC Nimra Idrees _9103953 |
||
| 110 |
_aProject Supervisor Dr. Usman Ali _9103580 |
||
| 245 | _aPR-SOF-2197- AC Voltage Stabilizer Using Solid State Switches | ||
| 260 |
_aIslamabad: _bNUST College of EME, _c2022. |
||
| 650 |
_aDE-ELECT-40 _9103514 |
||
| 942 |
_2ddc _cPR |
||
| 999 |
_c592570 _d592570 |
||